The first humans : (Record no. 3059)
[ view plain ]
| 000 -LEADER | |
|---|---|
| fixed length control field | 01147nam a22002417a 4500 |
| 001 - CONTROL NUMBER | |
| control field | 3059 |
| 003 - CONTROL NUMBER IDENTIFIER | |
| control field | FISKH |
| 005 - DATE AND TIME OF LATEST TRANSACTION | |
| control field | 20250403085011.0 |
| 008 - FIXED-LENGTH DATA ELEMENTS--GENERAL INFORMATION | |
| fixed length control field | 240201b cb ||||| |||| 00| 0 eng d |
| 020 ## - INTERNATIONAL STANDARD BOOK NUMBER | |
| International Standard Book Number | 9780500300565 |
| 040 ## - CATALOGING SOURCE | |
| Original cataloging agency | FISKH |
| Language of cataloging | eng |
| Transcribing agency | FISKH |
| Modifying agency | FISKH |
| 050 ## - LIBRARY OF CONGRESS CALL NUMBER | |
| Classification number | GN281.T4613 |
| 082 ## - DEWEY DECIMAL CLASSIFICATION NUMBER | |
| Classification number | 573.3 |
| 100 ## - MAIN ENTRY--PERSONAL NAME | |
| Personal name | Thomas, Herbert |
| 245 ## - TITLE STATEMENT | |
| Title | The first humans : |
| Remainder of title | The search for our origins / |
| Statement of responsibility, etc. | Herbert Thomas |
| 250 ## - EDITION STATEMENT | |
| Edition statement | This edition published in 1995 |
| 260 ## - PUBLICATION, DISTRIBUTION, ETC. | |
| Place of publication, distribution, etc. | London : |
| Name of publisher, distributor, etc. | New Horizons, |
| Date of publication, distribution, etc. | 1994 |
| 300 ## - PHYSICAL DESCRIPTION | |
| Extent | 159 pages : |
| Other physical details | color illustrations ; |
| Dimensions | 18 cm |
| 520 ## - SUMMARY, ETC. | |
| Summary, etc. | Who are we? Where did we come from? What makes us human? The whole puzzle of our early life on earth is gradually being pieced together from fragments of bone, skulls and primitive tools dispersed throughout the world. The trail leads back nearly five million years. Here is a history of human evolution that reveals the very latest finds and thinking - discoveries that can help us to understand our past, our present and even future. |
| 650 ## - SUBJECT ADDED ENTRY--TOPICAL TERM | |
| Topical term or geographic name entry element | Archaeology |
| Form subdivision | Non-fiction |
| General subdivision | Evolution |
| 650 ## - SUBJECT ADDED ENTRY--TOPICAL TERM | |
| Topical term or geographic name entry element | Human Origins |
| Form subdivision | Science |
| General subdivision | Prehistory |
| 942 ## - ADDED ENTRY ELEMENTS (KOHA) | |
| Source of classification or shelving scheme | Dewey Decimal Classification |
| Koha item type | Books |
| Suppress in OPAC | No |
| Withdrawn status | Lost status | Source of classification or shelving scheme | Damaged status | Not for loan | Collection | Home library | Current library | Shelving location | Date acquired | Total Checkouts | Full call number | Barcode | Date last seen | Copy number | Price effective from | Koha item type |
|---|---|---|---|---|---|---|---|---|---|---|---|---|---|---|---|---|
| Dewey Decimal Classification | Non-Fiction | Footprints International School Library Network Toul Kork Campus | Footprints International School Library Network Toul Kork Campus | 02/01/2024 | THO 573.3 GN281.T4613 | 2024-0072 | 02/01/2024 | 1 | 02/01/2024 | Books | ||||||
| Dewey Decimal Classification | Non-Fiction | Footprints International School Library Network Toul Kork Campus | Footprints International School Library Network Toul Kork Campus | A TK Campus, 4th Floor, Room B401, Non-Fiction Bookcases(7-8) | 04/03/2025 | THO 573.3 GN281.T4613 | 2025-0945 | 04/03/2025 | 2 | 04/03/2025 | Books |
